[Event "PMPJ 2022 - C17"]
[Site "Jastrzebia Gora"]
[Date "2022.11.09"]
[Round "5.22"]
[White "Jedrzejczak, Michal"]
[Black "Borzecki, Jakub"]
[Result "1-0"]
[BlackElo "1179"]
[WhiteElo "1503"]
[LiveChessVersion "1.4.8"]

1. d4 {[%clk 1:28:47]} e6 {[%clk 1:30:55]} 2. c4 {[%clk 1:29:13]} Nf6
{[%clk 1:31:20]} 3. Nc3 {[%clk 1:29:38]} Bb4 {[%clk 1:31:41]} 4. f3
{[%clk 1:29:09]} d5 {[%clk 1:31:47]} 5. cxd5 {[%clk 1:27:49]} exd5
{[%clk 1:31:14]} 6. Bg5 {[%clk 1:25:58]} O-O {[%clk 1:28:06]} 7. a3
{[%clk 1:23:13]} Bxc3+ {[%clk 1:27:06]} 8. bxc3 {[%clk 1:23:42]} h6
{[%clk 1:22:33]} 9. Bxf6 {[%clk 1:21:29]} Qxf6 {[%clk 1:22:50]} 10. e3
{[%clk 1:21:43]} Re8 {[%clk 1:20:14]} 11. Qd2 {[%clk 1:21:54]} Qe7
{[%clk 1:16:34]} 12. Kf2 {[%clk 1:22:17]} Bf5 {[%clk 1:15:49]} 13. Bd3
{[%clk 1:22:17]} Bxd3 {[%clk 1:13:37]} 14. Qxd3 {[%clk 1:22:46]} Nd7
{[%clk 1:10:12]} 15. Ne2 {[%clk 1:19:25]} Nb6 {[%clk 0:54:34]} 16. Nf4
{[%clk 1:11:13]} c6 {[%clk 0:46:45]} 17. Rhe1 {[%clk 1:10:12]} Nc4
{[%clk 0:44:58]} 18. g3 {[%clk 1:09:45]} Nxa3 {[%clk 0:41:01]} 19. e4
{[%clk 1:09:44]} dxe4 {[%clk 0:39:15]} 20. Rxe4 {[%clk 1:09:40]} Qd6
{[%clk 0:35:44]} 21. c4 {[%clk 1:08:55]} Rxe4 {[%clk 0:33:29]} 22. fxe4
{[%clk 1:09:18]} g5 {[%clk 0:27:32]} 23. Ng2 {[%clk 1:08:05]} Qf6+
{[%clk 0:26:10]} 24. Ke2 {[%clk 1:07:58]} Nc2 {[%clk 0:24:34]} 25. Qxc2
{[%clk 1:07:37]} Qxd4 {[%clk 0:24:59]} 26. Rd1 {[%clk 1:06:46]} Qc5
{[%clk 0:22:31]} 27. Qd3 {[%clk 0:46:36]} a5 {[%clk 0:21:58]} 28. Qd4
{[%clk 0:45:41]} Qxd4 {[%clk 0:16:06]} 29. Rxd4 {[%clk 0:45:51]} b5
{[%clk 0:16:26]} 30. cxb5 {[%clk 0:32:28]} cxb5 {[%clk 0:16:51]} 31. Rd5
{[%clk 0:32:14]} b4 {[%clk 0:16:19]} 32. Rb5 {[%clk 0:32:20]} Kg7
{[%clk 0:16:36]} 33. Ne3 {[%clk 0:32:42]} Kg6 {[%clk 0:15:55]} 34. Nc4
{[%clk 0:32:34]} Kh5 {[%clk 0:15:38]} 35. Nxa5 {[%clk 0:25:33]} Kg4
{[%clk 0:15:17]} 36. Ke3 {[%clk 0:15:30]} Kh3 {[%clk 0:15:21]} 37. Nc4
{[%clk 0:15:48]} Ra2 {[%clk 0:12:37]} 38. Rxb4 {[%clk 0:15:27]} Rxh2
{[%clk 0:12:44]} 39. Nd6 {[%clk 0:14:34]} Kxg3 {[%clk 0:12:08]} 40. Nxf7
{[%clk 0:14:53]} g4 {[%clk 0:12:25]} 41. e5 {[%clk 0:13:36]} Rh1 {[%clk 0:11:40]}
42. Rb2 {[%clk 0:11:36]} Re1+ {[%clk 0:11:39]} 43. Re2 {[%clk 0:09:45]} Rxe2+
{[%clk 0:06:19]} 44. Kxe2 {[%clk 0:10:14]} Kh2 {[%clk 0:06:48]} 45. e6
{[%clk 0:10:22]} g3 {[%clk 0:07:17]} 46. Ne5 {[%clk 0:10:46]} h5 {[%clk 0:06:10]}
47. e7 {[%clk 0:11:06]} Kg1 {[%clk 0:06:21]} 48. e8=Q {[%clk 0:10:59]} 1-0

[Event "PMPJ 2022 - C17"]
[Site "Jastrzebia Gora"]
[Date "2022.11.09"]
[Round "5.23"]
[White "Komisarski, Jerzy"]
[Black "Bekier, Piotr"]
[Result "0-1"]
[BlackElo "1548"]
[WhiteElo "1397"]
[LiveChessVersion "1.4.8"]

1. d4 d6 2. e4 g6 3. Nc3 Bg7 4. Bg5 Nd7 5. Qd2 c6 6. Bc4 Ngf6 7. Bh6 O-O 8. h4
Bxh6 9. Qxh6 Ng4 10. Qg5 Nb6 11. Be2 e5 12. Bxg4 Qxg5 13. hxg5 Bxg4 14. dxe5 dxe5
15. Rh4 Bd7 16. Nf3 Rae8 17. O-O-O f5 18. gxf6 Rxf6 19. Na4 Bc8 20. Nc5 Nc4 21.
b3 Nd6 22. Ng5 h5 23. f3 b6 24. Nd3 Nf7 25. Nxf7 Rxf7 26. Nb4 Rf6 27. Rdh1 a5 28.
Nd3 Kf7 29. g4 Rxf3 30. gxh5 g5 31. R4h2 g4 32. Rg1 Rh3 33. Rgh1 Kf6 34. Kd2 Rh8
35. Ke2 R8xh5 36. Rf1+ Ke7 37. Rg2 Rh2 38. Kf2 g3+ 39. Kf3 Rxg2 40. Kxg2 Bh3+ 41.
Kg1 Bxf1 42. Kxf1 Rh2 43. a4 Kd6 44. Ne1 Rd2 45. c3 Rb2 0-1

[Event "PMPJ 2022 - C17"]
[Site "Jastrzebia Gora"]
[Date "2022.11.09"]
[Round "5.24"]
[White "Sewera, Wiktor"]
[Black "Ochalik, Filip"]
[Result "0-1"]
[BlackElo "1448"]
[WhiteElo "1425"]
[LiveChessVersion "1.4.8"]

1. e4 {[%clk 1:30:56]} c5 {[%clk 1:29:59]} 2. Nf3 {[%clk 1:31:18]} Nc6
{[%clk 1:30:22]} 3. Bb5 {[%clk 1:30:12]} g6 {[%clk 1:26:09]} 4. Bxc6
{[%clk 1:29:59]} bxc6 {[%clk 1:26:32]} 5. c4 {[%clk 1:28:41]} Bg7
{[%clk 1:26:41]} 6. O-O {[%clk 1:28:29]} d6 {[%clk 1:26:47]} 7. Nc3
{[%clk 1:28:14]} e5 {[%clk 1:27:02]} 8. d3 {[%clk 1:27:35]} Ne7 {[%clk 1:26:50]}
9. Bd2 {[%clk 1:26:55]} O-O {[%clk 1:27:05]} 10. Qc1 {[%clk 1:26:22]} f5
{[%clk 1:25:25]} 11. Bh6 {[%clk 1:25:15]} f4 {[%clk 1:23:03]} 12. Bxg7
{[%clk 1:24:48]} Kxg7 {[%clk 1:23:06]} 13. a3 {[%clk 1:22:23]} a5
{[%clk 1:22:06]} 14. Na2 {[%clk 1:21:49]} Rb8 {[%clk 1:16:37]} 15. Qc3
{[%clk 1:18:29]} Bg4 {[%clk 1:13:10]} 16. b4 {[%clk 1:16:21]} Bxf3
{[%clk 1:10:52]} 17. gxf3 {[%clk 1:16:45]} axb4 {[%clk 1:10:37]} 18. axb4
{[%clk 1:16:59]} cxb4 {[%clk 1:10:34]} 19. Nxb4 {[%clk 1:17:02]} c5
{[%clk 1:10:03]} 20. Nd5 {[%clk 1:11:52]} Nc6 {[%clk 1:06:45]} 21. Rfb1
{[%clk 1:09:01]} Nd4 {[%clk 0:52:16]} 22. Ra7+ {[%clk 0:59:05]} Kh6
{[%clk 0:51:45]} 23. Rxb8 {[%clk 0:57:58]} Qg5+ {[%clk 0:50:45]} 24. Kf1
{[%clk 0:57:09]} Rxb8 {[%clk 0:51:12]} 25. Qa1 {[%clk 0:53:01]} Nxf3
{[%clk 0:46:04]} 26. Rxh7+ {[%clk 0:51:13]} Kxh7 {[%clk 0:46:19]} 27. Qa7+
{[%clk 0:51:32]} Kh6 {[%clk 0:46:44]} 28. Qxb8 {[%clk 0:51:40]} Qg1+
{[%clk 0:46:46]} 29. Ke2 {[%clk 0:51:36]} Nd4+ {[%clk 0:47:13]} 30. Kd2
{[%clk 0:51:13]} Qxf2+ {[%clk 0:47:33]} 31. Kd1 {[%clk 0:50:43]} Qc2+
{[%clk 0:47:53]} 32. Ke1 {[%clk 0:51:00]} Qe2# {[%clk 0:48:18]} 0-1

[Event "PMPJ 2022 - C17"]
[Site "Jastrzebia Gora"]
[Date "2022.11.09"]
[Round "5.26"]
[White "Balcerzak, Robert"]
[Black "Kreciglowa, Kamil"]
[Result "1-0"]
[BlackElo "1282"]
[WhiteElo "1434"]
[LiveChessVersion "1.4.8"]

1. e4 c6 2. d4 d5 3. Nc3 dxe4 4. Nxe4 Nf6 5. Nxf6+ exf6 6. c3 Bd6 7. Bd3 O-O 8.
Ne2 Be6 9. O-O Qc7 10. g3 Re8 11. Bf4 Nd7 12. Re1 Bg4 13. Bxd6 Qxd6 14. Qc2 Bxe2
15. Rxe2 g6 16. Rae1 Rxe2 17. Qxe2 Kf8 18. Qe3 c5 19. Bc4 cxd4 20. Qh6+ Kg8 21.
Bxf7+ Kh8 22. cxd4 Qxd4 23. Bxg6 Nf8 24. Re7 Qd1+ 25. Kg2 Qd5+ 26. f3 Qg8 27. Bf5
Qg5 28. Rxh7+ Kg8 29. Qxg5+ fxg5 30. Rxb7 a5 31. a4 Rd8 32. Rb5 Ra8 33. Kh3 Ra7
34. Kg4 Kh8 35. Kxg5 Ra6 36. h4 Ra8 37. b3 Ra7 38. g4 Ra6 39. h5 Ra7 40. Kh4 Ra6
41. g5 Ra7 42. h6 Rc7 43. g6 1-0

[Event "PMPJ 2022 - C17"]
[Site "Jastrzebia Gora"]
[Date "2022.11.09"]
[Round "5.27"]
[White "Bujnowski, Adam"]
[Black "Mazurek, Mateusz"]
[Result "1-0"]
[BlackElo "1189"]
[WhiteElo "1130"]
[LiveChessVersion "1.4.8"]

1. Nf3 d5 2. c4 d4 3. b4 c5 4. bxc5 e6 5. Bb2 Bxc5 6. e3 Nc6 7. Qa4 Bd7 8. Qb5
Qe7 9. exd4 Nxd4 10. Qxb7 Nc2+ 11. Kd1 Ne3+ 12. Kc1 Qd8 13. fxe3 Rb8 14. Qe4 Qb6
15. Bxg7 Bc6 16. Qc2 Bxe3 17. dxe3 Qxe3+ 18. Nbd2 Bxf3 19. gxf3 Nf6 20. Bxh8 Nd5
21. cxd5 Qe1+ 22. Qd1 Rc8+ 23. Kb2 Rb8+ 24. Nb3 Qf2+ 25. Qe2 1-0

[Event "PMPJ 2022 - C17"]
[Site "Jastrzebia Gora"]
[Date "2022.11.09"]
[Round "6.1"]
[White "Taranowicz, Michal"]
[Black "Karut, Kacper"]
[Result "1-0"]
[BlackElo "1794"]
[WhiteElo "1797"]
[LiveChessVersion "1.4.8"]

1. d4 {[%clk 1:30:58]} Nf6 {[%clk 1:30:29]} 2. c4 {[%clk 1:31:23]} g6
{[%clk 1:30:07]} 3. h4 {[%clk 1:31:44]} d6 {[%clk 1:26:19]} 4. Nc3
{[%clk 1:32:06]} Bg7 {[%clk 1:23:26]} 5. e4 {[%clk 1:32:23]} O-O {[%clk 1:22:11]}
6. Be2 {[%clk 1:32:48]} c5 {[%clk 1:16:52]} 7. d5 {[%clk 1:32:52]} e6
{[%clk 1:15:23]} 8. h5 {[%clk 1:32:17]} exd5 {[%clk 1:14:24]} 9. exd5
{[%clk 1:32:41]} a6 {[%clk 0:58:29]} 10. a4 {[%clk 1:31:39]} Qe8 {[%clk 0:54:08]}
11. h6 {[%clk 1:21:57]} Bh8 {[%clk 0:53:51]} 12. Rh4 {[%clk 1:22:22]} Ng4
{[%clk 0:45:21]} 13. Kf1 {[%clk 1:19:29]} f5 {[%clk 0:44:20]} 14. Bg5
{[%clk 1:17:48]} Bd4 {[%clk 0:37:33]} 15. Nh3 {[%clk 1:17:02]} Qe5
{[%clk 0:32:16]} 16. Qd2 {[%clk 1:11:07]} Nh2+ {[%clk 0:25:49]} 17. Kg1
{[%clk 1:11:02]} Ng4 {[%clk 0:26:09]} 18. Bf4 {[%clk 1:05:04]} Qe7
{[%clk 0:24:40]} 19. g3 {[%clk 1:05:24]} Nd7 {[%clk 0:23:40]} 20. Re1
{[%clk 1:03:56]} Nde5 {[%clk 0:22:47]} 21. Kg2 {[%clk 1:03:33]} Re8
{[%clk 0:20:56]} 22. Bg5 {[%clk 0:57:50]} Qf7 {[%clk 0:15:30]} 23. f3
{[%clk 0:52:07]} Nf6 {[%clk 0:13:51]} 24. Rxd4 {[%clk 0:52:08]} cxd4
{[%clk 0:14:14]} 25. Qxd4 {[%clk 0:52:31]} Bd7 {[%clk 0:11:51]} 26. b4
{[%clk 0:51:17]} a5 {[%clk 0:11:38]} 27. Rb1 {[%clk 0:48:40]} axb4
{[%clk 0:09:56]} 28. Rxb4 {[%clk 0:49:04]} Reb8 {[%clk 0:07:08]} 29. Nf4
{[%clk 0:43:53]} Ne8 {[%clk 0:06:02]} 30. c5 {[%clk 0:43:33]} dxc5
{[%clk 0:05:30]} 31. Qxc5 {[%clk 0:43:46]} Qf8 {[%clk 0:04:32]} 32. Be7
{[%clk 0:35:39]} Qf7 {[%clk 0:04:42]} 33. d6 {[%clk 0:35:42]} Nc6
{[%clk 0:04:30]} 34. Bc4 {[%clk 0:36:01]} 1-0

[Event "PMPJ 2022 - C17"]
[Site "Jastrzebia Gora"]
[Date "2022.11.09"]
[Round "6.2"]
[White "Krasniewski, Szymon"]
[Black "Sternik, Piotr"]
[Result "1/2-1/2"]
[BlackElo "1726"]
[WhiteElo "1645"]
[LiveChessVersion "1.4.8"]

1. g3 {[%clk 1:30:57]} c5 {[%clk 1:30:28]} 2. Bg2 {[%clk 1:31:22]} Nc6 3. Nf3
{[%clk 1:31:24]} Nf6 {[%clk 1:30:08]} 4. O-O {[%clk 1:31:48]} g6 {[%clk 1:30:15]}
5. b3 {[%clk 1:32:00]} Bg7 {[%clk 1:30:39]} 6. Bb2 {[%clk 1:32:26]} O-O
{[%clk 1:31:04]} 7. c4 {[%clk 1:32:44]} d6 {[%clk 1:29:05]} 8. Nc3
{[%clk 1:30:49]} Bd7 {[%clk 1:22:31]} 9. e3 {[%clk 1:30:43]} a6 {[%clk 1:15:19]}
10. d4 {[%clk 1:29:51]} cxd4 {[%clk 1:14:12]} 11. exd4 {[%clk 1:30:06]} Rb8
{[%clk 1:14:19]} 12. d5 {[%clk 1:23:13]} Na5 {[%clk 1:14:11]} 13. Nd4
{[%clk 1:21:15]} b5 {[%clk 1:05:45]} 14. cxb5 {[%clk 1:20:59]} axb5
{[%clk 1:06:10]} 15. Rc1 {[%clk 1:19:55]} Qb6 {[%clk 1:02:33]} 16. Qd2
{[%clk 1:17:26]} b4 {[%clk 0:43:25]} 17. Nd1 {[%clk 1:16:49]} Ng4
{[%clk 0:40:11]} 18. Ne3 {[%clk 1:02:52]} Nxe3 {[%clk 0:37:59]} 19. Qxe3
{[%clk 1:02:05]} Rfe8 {[%clk 0:37:47]} 20. Rc2 {[%clk 1:01:31]} Nb7
{[%clk 0:30:23]} 21. Re1 {[%clk 0:50:19]} Nc5 {[%clk 0:30:06]} 22. Qd2
{[%clk 0:41:12]} Qa6 {[%clk 0:27:41]} 23. Bf1 {[%clk 0:36:58]} Qa8
{[%clk 0:27:40]} 24. Bg2 {[%clk 0:32:38]} Qa6 {[%clk 0:28:05]} 25. Bf1
{[%clk 0:33:00]} Qa8 {[%clk 0:28:32]} 26. Bg2 {[%clk 0:33:26]} Qa6
{[%clk 0:28:42]} 27. Bf1 1/2-1/2

[Event "PMPJ 2022 - C17"]
[Site "Jastrzebia Gora"]
[Date "2022.11.09"]
[Round "6.3"]
[White "Lis, Maksymilian"]
[Black "Madajczak, Piotr"]
[Result "1-0"]
[BlackElo "1902"]
[WhiteElo "1684"]
[LiveChessVersion "1.4.8"]

1. d4 {[%clk 1:30:55]} f5 {[%clk 1:30:50]} 2. Bg5 {[%clk 1:31:18]} h6
{[%clk 1:31:13]} 3. Bh4 {[%clk 1:31:44]} g5 {[%clk 1:31:33]} 4. Bg3
{[%clk 1:32:10]} Nf6 {[%clk 1:31:49]} 5. e3 {[%clk 1:32:09]} d6 {[%clk 1:32:07]}
6. h4 {[%clk 1:31:52]} g4 {[%clk 1:32:29]} 7. Bd3 {[%clk 1:29:44]} Nc6
{[%clk 1:29:06]} 8. Ne2 {[%clk 1:21:11]} Bg7 {[%clk 1:17:02]} 9. Nbc3
{[%clk 1:20:15]} O-O {[%clk 1:15:58]} 10. O-O {[%clk 1:12:57]} e5
{[%clk 1:00:38]} 11. dxe5 {[%clk 1:06:32]} dxe5 {[%clk 1:00:31]} 12. Bc4+
{[%clk 1:06:53]} Kh7 {[%clk 1:00:30]} 13. Qxd8 {[%clk 1:07:15]} Rxd8
{[%clk 1:00:58]} 14. Rad1 {[%clk 1:06:50]} Bd7 {[%clk 0:48:58]} 15. Nd5
{[%clk 1:00:01]} Rac8 {[%clk 0:46:09]} 16. Nxf6+ {[%clk 1:00:17]} Bxf6
{[%clk 0:46:32]} 17. a3 {[%clk 0:52:22]} Kg6 {[%clk 0:37:34]} 18. Rd2
{[%clk 0:50:08]} Na5 {[%clk 0:34:08]} 19. Ba2 {[%clk 0:49:31]} Bb5
{[%clk 0:33:10]} 20. Rxd8 {[%clk 0:48:50]} Rxd8 {[%clk 0:33:38]} 21. Re1
{[%clk 0:48:50]} Rd2 {[%clk 0:24:52]} 22. Nc3 {[%clk 0:48:51]} Bc4
{[%clk 0:14:24]} 23. Bb1 {[%clk 0:45:27]} a6 {[%clk 0:10:06]} 24. Rd1
{[%clk 0:44:13]} Rxd1+ {[%clk 0:10:28]} 25. Nxd1 {[%clk 0:44:38]} Be6
{[%clk 0:09:08]} 26. f4 {[%clk 0:41:31]} e4 {[%clk 0:05:32]} 27. Be1
{[%clk 0:41:50]} Nc4 {[%clk 0:05:52]} 28. Ba2 {[%clk 0:40:00]} Nxb2
{[%clk 0:00:51]} 29. Bxe6 {[%clk 0:40:22]} Nxd1 {[%clk 0:01:19]} 30. h5+
{[%clk 0:39:05]} Kg7 {[%clk 0:01:02]} 31. Bd2 {[%clk 0:38:14]} Nb2
{[%clk 0:00:31]} 32. Bxf5 {[%clk 0:38:14]} Nc4 {[%clk 0:00:58]} 33. Bc1
{[%clk 0:38:25]} Nd6 {[%clk 0:00:41]} 34. Bxg4 {[%clk 0:38:42]} Bc3
{[%clk 0:00:46]} 35. Kf2 {[%clk 0:38:16]} Kf6 {[%clk 0:00:41]} 36. a4
{[%clk 0:32:49]} b5 {[%clk 0:01:09]} 37. axb5 {[%clk 0:32:47]} axb5
{[%clk 0:01:38]} 38. Ke2 {[%clk 0:31:23]} b4 {[%clk 0:01:33]} 39. Bd7
{[%clk 0:29:28]} Nc4 {[%clk 0:00:59]} 40. g4 {[%clk 0:29:02]} c5 {[%clk 0:00:31]}
41. Bc6 {[%clk 0:27:32]} Nd6 {[%clk 0:00:59]} 42. Bd5 {[%clk 0:25:22]} Kg7
{[%clk 0:01:07]} 43. Bd2 {[%clk 0:23:42]} Bxd2 {[%clk 0:00:47]} 44. Kxd2
{[%clk 0:24:06]} c4 {[%clk 0:00:41]} 45. c3 {[%clk 0:24:20]} b3 {[%clk 0:01:05]}
46. Kc1 {[%clk 0:24:45]} Kf6 {[%clk 0:01:27]} 47. Kb2 {[%clk 0:25:11]} Kg7
{[%clk 0:01:38]} 48. g5 {[%clk 0:21:08]} hxg5 {[%clk 0:02:00]} 49. fxg5
{[%clk 0:21:33]} Kh7 {[%clk 0:02:24]} 50. h6 {[%clk 0:20:13]} Kg6
{[%clk 0:02:40]} 51. Bg8 {[%clk 0:19:34]} Nf7 {[%clk 0:00:32]} 52. h7
{[%clk 0:17:54]} Nh8 {[%clk 0:01:00]} 53. Bxc4 {[%clk 0:17:47]} Kxh7
{[%clk 0:01:13]} 54. Bb5 {[%clk 0:17:31]} Ng6 {[%clk 0:00:33]} 55. c4
{[%clk 0:17:18]} Ne7 {[%clk 0:00:34]} 56. Be8 {[%clk 0:16:42]} Nf5
{[%clk 0:00:34]} 57. Bc6 {[%clk 0:15:23]} Nxe3 {[%clk 0:00:34]} 58. Bxe4+
{[%clk 0:15:45]} Kg7 {[%clk 0:01:00]} 59. c5 {[%clk 0:15:37]} Nc4+
{[%clk 0:00:55]} 60. Kc3 {[%clk 0:15:57]} Ne5 {[%clk 0:00:38]} 61. g6
{[%clk 0:14:48]} Kf6 {[%clk 0:00:33]} 62. Kxb3 {[%clk 0:15:00]} Nd7
{[%clk 0:00:49]} 63. Kc4 {[%clk 0:15:09]} Ke5 {[%clk 0:00:53]} 64. c6
{[%clk 0:15:03]} Nf6 {[%clk 0:00:46]} 65. g7 {[%clk 0:13:37]} Kxe4 1-0

[Event "PMPJ 2022 - C17"]
[Site "Jastrzebia Gora"]
[Date "2022.11.09"]
[Round "6.4"]
[White "Melerowicz, Dominik"]
[Black "Biesiadecki, Adam"]
[Result "0-1"]
[BlackElo "1706"]
[WhiteElo "1850"]
[LiveChessVersion "1.4.8"]

1. e4 {[%clk 1:30:56]} c5 {[%clk 1:30:55]} 2. Nf3 {[%clk 1:31:18]} Nc6
{[%clk 1:31:14]} 3. d4 {[%clk 1:31:41]} cxd4 {[%clk 1:31:30]} 4. Nxd4
{[%clk 1:31:50]} e5 {[%clk 1:31:53]} 5. Nb5 {[%clk 1:32:09]} d6 {[%clk 1:32:17]}
6. N1c3 {[%clk 1:32:20]} a6 {[%clk 1:32:37]} 7. Na3 {[%clk 1:32:42]} Be7
{[%clk 1:33:01]} 8. Nd5 {[%clk 1:31:27]} Be6 {[%clk 1:32:39]} 9. Be3
{[%clk 1:31:22]} Bxd5 {[%clk 1:32:47]} 10. exd5 {[%clk 1:31:32]} Nb8
{[%clk 1:33:02]} 11. c4 {[%clk 1:25:20]} f5 {[%clk 1:30:01]} 12. Bd3
{[%clk 1:22:20]} e4 {[%clk 1:28:03]} 13. Be2 {[%clk 1:21:54]} Bf6
{[%clk 1:27:27]} 14. Qb3 {[%clk 1:20:09]} Nd7 {[%clk 1:26:19]} 15. O-O
{[%clk 1:18:17]} Ne7 {[%clk 1:22:20]} 16. Rad1 {[%clk 1:08:23]} Qc7
{[%clk 1:20:20]} 17. Rc1 {[%clk 1:07:09]} b6 {[%clk 1:11:12]} 18. Rfd1
{[%clk 1:06:17]} O-O {[%clk 1:10:41]} 19. Nc2 {[%clk 1:04:49]} Ng6
{[%clk 1:00:00]} 20. Bd4 {[%clk 1:02:26]} Bg5 {[%clk 0:58:42]} 21. Rb1
{[%clk 1:00:25]} Nc5 {[%clk 0:48:24]} 22. Qc3 {[%clk 0:57:01]} Rf7
{[%clk 0:47:14]} 23. b4 {[%clk 0:56:31]} Nd7 {[%clk 0:47:34]} 24. g3
{[%clk 0:51:33]} Rc8 {[%clk 0:46:01]} 25. h4 {[%clk 0:49:38]} Bh6
{[%clk 0:44:52]} 26. h5 {[%clk 0:35:23]} Nge5 {[%clk 0:44:41]} 27. Bxe5
{[%clk 0:35:30]} Nxe5 {[%clk 0:44:31]} 28. Nd4 {[%clk 0:35:14]} Qd7
{[%clk 0:42:41]} 29. Qb3 {[%clk 0:30:07]} f4 {[%clk 0:40:56]} 30. gxf4
{[%clk 0:26:51]} Bxf4 {[%clk 0:38:39]} 31. Ne6 {[%clk 0:25:44]} Qe7
{[%clk 0:30:00]} 32. Qh3 {[%clk 0:24:50]} Bh6 {[%clk 0:29:27]} 33. c5
{[%clk 0:24:25]} Qf6 {[%clk 0:27:58]} 34. Qg2 {[%clk 0:23:27]} bxc5
{[%clk 0:26:42]} 35. bxc5 {[%clk 0:23:09]} dxc5 {[%clk 0:26:35]} 36. Bxa6
{[%clk 0:17:45]} Nf3+ {[%clk 0:26:33]} 37. Kf1 {[%clk 0:18:09]} Ra8
{[%clk 0:25:22]} 38. Rb6 {[%clk 0:16:30]} e3 {[%clk 0:24:13]} 39. Bd3
{[%clk 0:13:01]} Nd2+ {[%clk 0:22:26]} 40. Kg1 {[%clk 0:09:57]} exf2+
{[%clk 0:22:30]} 41. Kh1 {[%clk 0:10:23]} f1=Q+ {[%clk 0:21:20]} 42. Bxf1
{[%clk 0:10:09]} Nxf1 {[%clk 0:21:41]} 43. Rd3 {[%clk 0:09:29]} Qh4+
{[%clk 0:20:28]} 44. Rh3 {[%clk 0:09:40]} Qe1 {[%clk 0:20:46]} 45. Rb2
{[%clk 0:07:23]} Ne3+ {[%clk 0:20:40]} 0-1

[Event "PMPJ 2022 - C17"]
[Site "Jastrzebia Gora"]
[Date "2022.11.09"]
[Round "6.5"]
[White "Kozlowski, Franciszek"]
[Black "Dysko, Michal"]
[Result "1-0"]
[BlackElo "1554"]
[WhiteElo "1842"]
[LiveChessVersion "1.4.8"]

1. d4 d5 2. Bf4 Nf6 3. e3 e6 4. Nf3 Be7 5. c3 O-O 6. Nbd2 c5 7. Bd3 Qb6 8. Qb1 h6
9. Ne5 Nbd7 10. Ndf3 a5 11. h4 Nxe5 12. Nxe5 Nd7 13. Nf3 Bd6 14. Bxd6 Qxd6 15.
Qc2 e5 16. dxe5 Nxe5 17. Be2 Bd7 18. Rd1 Qe6 19. O-O Bc6 20. Nxe5 Qxe5 21. Bf3
Rfd8 22. Rd2 Rd6 23. Rfd1 Rad8 24. Qb3 a4 25. Qb6 c4 26. Rd4 Qf6 27. Qc5 Qe6 28.
e4 Rc8 29. Qb4 Rcd8 30. Qc5 Rc8 31. exd5 Bxd5 32. Qb5 Bc6 33. Rxd6 Bxb5 34. Rxe6
fxe6 35. Bxb7 Rb8 36. Be4 Be8 37. Rd2 Kf7 38. a3 Kf6 39. f3 g5 40. hxg5+ hxg5 41.
Kf2 Bg6 42. Bc6 Be8 43. Bxe8 Rxe8 44. Rd4 Rb8 45. Rxc4 Rxb2+ 46. Kg3 Rb3 47. Rxa4
Rxc3 48. Kg4 Rc2 49. g3 Ra2 50. Ra5 Ra1 51. a4 Ra3 52. Ra8 Kg6 53. Rg8+ Kf7 54.
Rxg5 Rxa4+ 55. f4 Ra1 56. Rh5 Kg6 57. Rh2 Re1 58. Ra2 Kf6 59. Ra6 Rf1 60. Ra3 Re1
61. Ra2 Rh1 62. Kf3 Rb1 63. Rf2 Re1 64. Re2 Ra1 65. g4 Ra3+ 66. Re3 Ra1 67. g5+
Kf7 68. Kg4 Rd1 69. Rh3 Rd4 70. Rh7+ Kg6 71. Re7 Rd6 72. Kf3 Kf5 73. Rf7+ Kg6 74.
Rf6+ Kg7 75. Ke4 Ra6 76. Ke5 Ra1 77. Rxe6 Ra5+ 78. Ke4 Ra4+ 79. Kf5 Ra7 80. Re5
Rb7 81. Re4 Rb1 82. Ra4 Rb5+ 83. Kg4 Rb1 84. Ra7+ Kg8 85. Kh5 Rb6 86. f5 Rc6 87.
f6 Rb6 88. Kg6 Rb8 89. Rg7+ Kh8 90. Rh7+ Kg8 91. f7+ 1-0

[Event "PMPJ 2022 - C17"]
[Site "Jastrzebia Gora"]
[Date "2022.11.09"]
[Round "6.6"]
[White "Kossowski, Pawel"]
[Black "Pieczulis, Blazej"]
[Result "1/2-1/2"]
[BlackElo "1693"]
[WhiteElo "1773"]
[LiveChessVersion "1.4.8"]

1. e4 {[%clk 1:30:59]} c6 {[%clk 1:30:39]} 2. d4 {[%clk 1:31:22]} d5
{[%clk 1:31:05]} 3. Nc3 {[%clk 1:31:44]} dxe4 {[%clk 1:31:26]} 4. Nxe4
{[%clk 1:32:08]} Bf5 {[%clk 1:31:53]} 5. Ng3 {[%clk 1:32:31]} Bg6
{[%clk 1:32:18]} 6. Nf3 {[%clk 1:32:49]} Nf6 {[%clk 1:31:15]} 7. h4
{[%clk 1:33:11]} h6 {[%clk 1:31:40]} 8. h5 {[%clk 1:33:38]} Bh7 {[%clk 1:32:07]}
9. Bd3 {[%clk 1:33:57]} Bxd3 {[%clk 1:32:28]} 10. Qxd3 {[%clk 1:34:22]} e6
{[%clk 1:32:12]} 11. Bd2 {[%clk 1:34:08]} Bd6 {[%clk 1:32:21]} 12. Ne4
{[%clk 1:32:14]} Nxe4 {[%clk 1:31:24]} 13. Qxe4 {[%clk 1:32:34]} Nd7
{[%clk 1:31:30]} 14. O-O-O {[%clk 1:32:09]} Nf6 {[%clk 1:30:58]} 15. Qe2
{[%clk 1:31:40]} Qc7 {[%clk 1:29:38]} 16. Kb1 {[%clk 1:27:33]} O-O-O
{[%clk 1:27:23]} 17. g3 {[%clk 1:20:45]} Rhe8 {[%clk 1:17:24]} 18. Ne5
{[%clk 1:17:48]} Bxe5 {[%clk 1:14:00]} 19. dxe5 {[%clk 1:17:28]} Nd5
{[%clk 1:14:02]} 20. c4 {[%clk 1:11:51]} Ne7 {[%clk 1:14:15]} 21. Bc3
{[%clk 1:09:07]} c5 {[%clk 1:13:41]} 22. g4 {[%clk 1:06:43]} Nc6 {[%clk 1:13:33]}
23. f4 {[%clk 1:06:10]} Rxd1+ {[%clk 1:11:26]} 24. Rxd1 {[%clk 1:06:32]} Rd8
{[%clk 1:11:53]} 25. Kc2 {[%clk 1:00:22]} Nd4+ {[%clk 1:00:42]} 26. Bxd4
{[%clk 0:59:04]} cxd4 {[%clk 1:01:11]} 27. b3 {[%clk 0:57:21]} Qa5
{[%clk 1:00:53]} 28. Kb1 {[%clk 0:56:32]} Qc5 {[%clk 0:58:59]} 29. Rd3
{[%clk 0:55:36]} a5 {[%clk 0:58:18]} 30. Qc2 {[%clk 0:51:02]} Qc6
{[%clk 0:57:35]} 31. Qd1 {[%clk 0:50:46]} Qc5 {[%clk 0:57:29]} 1/2-1/2